000 006950000a22001210004500
100 1 _aZapata León, Sergio
245 1 0 _aA ti, solo palabras podría darte : Obra reunida de Giovanni Quessep
300 _aVol.0, núm.19 (Abril, 2007), Páginas 14-15
500 _aEntrevista
520 _aPessoa, Ungaretti, Ajmátova y Neruda son algunos de los grandes poetas del siglo XX cuya obra ha sido reunida por la prestigiosa editorial española Galaxia Gutenberg. Ahora, se publica en esa misma colección la obra del poeta colombiano Giovanni Quessep, lo que representa su más grande reconocimiento editorial en el mundo hispano.
773 0 _tArcadia / Andrés Felipe Solano, Editor
942 _cANA
999 _c62089
_d62089